|
|
|
|
| LEADER |
00952nam a22002775i 4500 |
| 001 |
28676 |
| 003 |
BD-DhAAL |
| 005 |
20141210114751.0 |
| 008 |
141210s2014 nyu 000 0 eng d |
| 010 |
|
|
|a 2014939949
|
| 020 |
|
|
|a 9780199697298 (pbk.)
|
| 040 |
|
|
|a DLC
|b eng
|e rda
|c DLC
|d BD-DhAAL
|
| 042 |
|
|
|a pcc
|
| 082 |
0 |
0 |
|2 22
|a 940.1
|
| 100 |
1 |
|
|a Rubin, Miri.
|9 6808
|
| 245 |
1 |
4 |
|a The middle ages /
|c Miri Rubin.
|
| 260 |
|
|
|a Oxford :
|b Oxford University Press,
|c c2014
|
| 300 |
|
|
|a xv, 139 pages :
|b illustrations, maps ;
|c 18 cm.
|
| 490 |
0 |
|
|a Very short introduction
|
| 541 |
|
|
|e 28676
|
| 650 |
|
0 |
|a Middle Ages.
|9 6809
|
| 650 |
|
0 |
|a Civilization, Medieval.
|9 6810
|
| 650 |
|
0 |
|a Europe
|x History
|y 476-1492.
|9 6811
|
| 942 |
|
|
|2 ddc
|c BK
|
| 999 |
|
|
|c 33297
|d 33297
|
| 952 |
|
|
|0 0
|1 0
|2 ddc
|4 0
|6 940_100000000000000_RUB
|7 0
|9 44468
|a BRACUL
|b BRACUL
|c GEN
|d 2014-12-10
|e Karim International
|g 428.00
|l 5
|m 53
|o 940.1 RUB
|p 3010028676
|r 2022-06-07
|s 2022-05-31
|t 1
|w 2014-12-10
|y BK
|